| 000 | 01422cam a22003977a 4500 | ||
|---|---|---|---|
| 003 | CHAP | ||
| 005 | 20220817043556.0 | ||
| 008 | 990827d1995 it rng 00110 spa d | ||
| 010 | _a78898 | ||
| 011 | _a79870 | ||
| 035 | _a90285 | ||
| 040 | _cCHAP | ||
| 082 | 0 | 4 |
_a630.02552 _bF33Y |
| 110 | 2 | _aFAO | |
| 245 | 1 | 0 |
_aColección legislativa-agricultura y alimentación (FAL) _c/por FAO |
| 260 |
_aRoma : _bFAO, _c19- |
||
| 300 | _av.p. | ||
| 500 | _aLa biblioteca tiene : 1995, 1996, 1997 | ||
| 590 |
_aBATCH-UPD _b10 _c20130110 _lUCH01 _h1017 |
||
| 590 |
_aBATCH-UPD _b10 _c20130410 _lUCH01 _h0624 |
||
| 590 |
_aBATCH-UPD _b10 _c20130913 _lUCH01 _h2127 |
||
| 590 |
_aCONVERSION _b10 _c20130109 _lUCH01 _h1344 |
||
| 650 | 1 | 4 |
_aAgricultura _xLeyes. _91720 |
| 650 | 1 | 4 |
_aAgricultura _xSistemas de información. _91796 |
| 650 | 1 | 4 |
_aAlimentos _xLeyes. _94243 |
| 650 | 1 | 4 |
_aAlimentos _xServicios de informacion. _94280 |
| 650 | 1 | 4 |
_aBases de datos. _910684 |
| 650 | 1 | 4 |
_aRecursos naturales _xLeyes. _995296 |
| 650 | 1 | 4 |
_aRecursos naturales _xSistemas de información. _995315 |
| 901 | _aBK | ||
| 905 | _aLilia Sánchez G. | ||
| 942 | _cLIBRO | ||
| 949 |
_a630.02552 F33Y _bBC _cFAO _d33724000802591 _eFAO1 _f1997 _h96296 _i90285 _kDonaciØn _sb |
||
| 949 |
_a630.02552 F33Y _bBC _cFAO _d33724000802666 _eFAO1 _f1995 _h96294 _i90285 _kDonaciØn _sb |
||
| 949 |
_a630.02552 F33Y _bBC _cFAO _d33724000802724 _eFAO1 _f1996 _h96295 _i90285 _kDonaciØn _sb |
||
| 999 |
_c78898 _d78898 |
||